00654 2200217 4500001002100000005001500021035002000036007000300056008004100059020001800100082001100118084001700129100001700146245011200163250001500275260005000290300003200340650002500372504002800397990001100425INLIS00000000000097120180131030935 a0010-1117000053ta180131 g 0 ind  a979-3465-02-6 a297.66 a297.66 NAT m0 aABUDDIN,Nata1 aManajemen Pendidikan :bMengatasi Kelemahan Pendidikan Islam di Indonesia /cProf. Dr. H. Abuddin Nata, M.A aEd 1,Cet 1 aJakarta :bkencana Prenada Media Group,c2003 aix,322 hlm ;c15 cm x 23 cm aPendidikan Manajemen aBibliografi,hal 297-308 a1995 A